MARC

LEADER 00000nam0a2200000 4500
001 115589
005 20231031122747.0
035 |a (RuTPU)RU\TPU\book\125013 
090 |a 115589 
100 |a 20070511d1965 km y0rusy50 ca 
101 1 |a rus  |c ger 
102 |a RU 
105 |a a z 001zy 
200 1 |a Размол и пылевидное сжигание румынских лигнитов  |e пер. с нем.  |f Н. Панойу, И. Карабогдан, Г. Зингер  |g Всесоюзный государственный трест по организации и рационализации районных электрических станций и сетей ; под ред. К. В. Шахсуварова 
210 |a Москва  |c БТИ  |d 1965 
215 |a 18 с.  |c ил. 
225 1 |a Энергетика за рубежом 
320 |a Библиогр.: с. 18. 
610 1 |a энергетика 
610 1 |a теплотехника 
610 1 |a теплоэнергетика 
610 1 |a топливо 
610 1 |a сжигание 
610 1 |a сжигание в котельных топках 
610 1 |a размол 
610 1 |a лигниты 
675 |a 621.182-6  |v 3 
700 1 |a Панойу  |b Н. 
701 1 |a Карабогдан  |b И. 
701 1 |a Зингер  |b Г. 
702 1 |a Шахсуваров  |b К. В.  |4 340 
712 0 2 |a Всесоюзный государственный трест по организации и рационализации районных электрических станций и сетей  |2 stltpush  |3 (RuTPU)RU\TPU\col\8705 
801 1 |a RU  |b 63413507  |c 20070511  |g PSBO 
801 2 |a RU  |b 63413507  |c 20080410  |g PSBO 
942 |c BK